[Event "Landesliga Sued 9697"]
[Site "Bayern"]
[Date "1997.05.04"]
[Round "9"]
[White "Schneider, Roland"]
[Black "Volfovitch, Edouard"]
[Result "1/2-1/2"]
[WhiteElo "1873"]
[BlackElo "1965"]
[PlyCount "60"]
[EventDate "1996.10.13"]
[EventType "team-tourn"]
[EventRounds "9"]
[EventCountry "GER"]
[SourceTitle "EXT 2020"]
[Source "ChessBase"]
[SourceDate "2019.10.17"]
[SourceVersion "1"]
[SourceVersionDate "2019.10.17"]
[SourceQuality "1"]
[WhiteTeam "Passau II"]
[BlackTeam "Haunstetten TSV"]
[WhiteTeamCountry "GER"]
[BlackTeamCountry "GER"]

1. d4 d5 2. c4 e6 3. Nc3 Nf6 4. Bg5 c6 5. cxd5 exd5 6. Qc2 h6 7. Bh4 Be7 8. e3 Qa5 9. Nf3 Be6 10. Be2 Nbd7 11. a3 g5 12. Bg3 Ne4 13. 0-0 h5 14. Nxe4 dxe4 15. Qxe4 Bf5 16. b4 Bxe4 17. bxa5 Bxf3 18. Bxf3 h4 19. a6 hxg3 20. axb7 gxh2+ 21. Kh1 Rb8 22. Bxc6 Bd6 23. e4 Ke7 24. a4 a5 25. e5 Bb4 26. f4 Bc3 27. Rad1 gxf4 28. Rxf4 Nf8 29. Rf3 Bb4 30. Rdf1 Rh7 1/2-1/2

[Event "Landesliga Sued 9697"]
[Site "Bayern"]
[Date "1997.03.02"]
[Round "7"]
[White "Galow, Wolfgang"]
[Black "Volfovitch, Edouard"]
[Result "0-1"]
[WhiteElo "1950"]
[BlackElo "1965"]
[PlyCount "73"]
[EventDate "1996.10.13"]
[EventType "team-tourn"]
[EventRounds "9"]
[EventCountry "GER"]
[SourceTitle "EXT 2020"]
[Source "ChessBase"]
[SourceDate "2019.10.17"]
[SourceVersion "1"]
[SourceVersionDate "2019.10.17"]
[SourceQuality "1"]
[WhiteTeam "Landshut"]
[BlackTeam "Haunstetten TSV"]
[WhiteTeamCountry "GER"]
[BlackTeamCountry "GER"]

1. c4 Nf6 2. g3 c6 3. Bg2 d6 4. Nc3 Qc7 5. e4 e5 6. Nge2 a6 7. d4 Bg4 8. h3 Bh5 9. f4 exf4 10. Bxf4 Nbd7 11. c5 g5 12. cxd6 Bxd6 13. Bxd6 Qxd6 14. e5 Nxe5 15. dxe5 Qxe5 16. g4 Rd8 17. Qa4 Bg6 18. 0-0 h5 19. Rae1 Kf8 20. Nf4 Qc5+ 21. Kh1 gxf4 22. Qxf4 Nxg4 23. Re6 Kg7 24. Rxg6+ fxg6 25. Qf7+ Kh6 26. Ne4 Nf2+ 27. Rxf2 Rd1+ 28. Bf1 Qe3 29. Qe6 Re1 30. Rf6 Qxe4+ 31. Qxe4 Rxe4 32. Bd3 Re1+ 33. Kg2 Rg8 34. b4 Re3 35. Bc4 Rg7 36. Rf4 Rd7 37. Kf2 0-1